1025 1689 1523 1864 1222 1845 1371 1078 1989 1122 1295 1671 1205 1397 1251 1485 1646 1976 1678 1021 1830 1092 1598 1874 1271 1844 1304 1860 1152 1192 1611 1681 1852 1425 1495 1429 1313 1525 1694 1498 1395 1531 1856 1208 1648 1412 1078 1515 1750 1459 1388 1570 1411 1612 1494 1069 1452 1588 1992 1316 1197 1898 1822 1206 1353 1816 1554 1442 1480 1070 1165 1863 1740 1926 1248 1370 1971 1721 1681 1364 1593 1776 1565 1112 1272 1018 1322 1054 1333 1793 1222 1026 1431 1986 1675 1147 1529 1414 1140 BCNSPRNW ULIB Ver.6.0+V

เปลี่ยนเป็นภาษาไทย

Change to English
 แสดงรายละเอียดบรรณานุกรม
  กลับหน้าหลัก

Brief Record : Get Marc (ISO 2709) : E-mail record : QR code < ปิดหน้าต่าง
LEADER : 00000nam 2200000uu 4500
001    13399120869
003     ULIB
008    121022s2555||||th 000 0 tha d
099    วจ.WP470^cจ533ผ
100 0  จิราพร ศรีพิบูลย์บัติ, นิสา ครุฑจันทร์ และธีริศา สินาคม
245 00 ผลการใช้โปรแกรมการเรียนรู้แบบมีส่วนร่วมต่อความรู้เจตคติและความตั้งใจในการตรวจคัดกรองมะเร็งปากมดลูก/^cจิราพร ศรีพิบูลย์บัติ, นิสา ครุฑจันทร์ และธีริศา สินาคม
260    นครสวรรค์:^bวิทยาลัยพยาบาลบรมราชชนนี สวรรค์ประชารักษ์ นครสวรรค์,^c2555
300    70 แผ่น
650  0 มะเร็งปากมดลูก^nการตรวจ^xวิจัย
700 0  นิสา ครุฑจันทร์
700 0  ธีริศา สินาคม
945    ^p0^l0^i032851
945    ^p0^l0^i032852
995    เกษร
999    ^aใช้งานได้ทุกระบบ
รายการนี้ยังไม่มีแท็ก
คุณยังไม่ได้ล็อกอิน คุณสามารถมีกิจกรรมร่วมกับเว็บไซต์ได้ แต่ต้องล็อกอินก่อน ::
  ล็อกอิน

รายการสื่อสารสนเทศ

ลำดับที่ ประเภท เลขเรียก/บาร์โค้ด สถานที่ สถานะ
1. งานวิจัย
งานวิจัย
วจ.WP470 จ533ผ  
  Barcode: 032851
ห้องสมุดวิทยาเขตสวรรค์ประชารักษ์
►วิจัย
บนชั้น
2. งานวิจัย
งานวิจัย
วจ.WP470 จ533ผ ฉ.2 
  Barcode: 032852
ห้องสมุดวิทยาเขตสวรรค์ประชารักษ์
►วิจัย
บนชั้น

BibComment


ยังไม่เคยถูกคอมเมนท์

คอมเมนท์ทรัพยากรรายการนี้
  คอมเมนท์: ผลการใช้โปรแกรมกา..


 Copyright 2026. Bcnsprnw @Library